炎色反応 - Statistics

General Stats
  • This quiz has been taken 49 times
  • The average score is 6 of 13
Answer Stats
元素 % Correct
Li 赤色
98%
Na 黄色
93%
K 赤紫色
89%
Cu 青緑色
84%
Sr 紅色
71%
Ba 黄緑色
56%
Ca 橙赤色
38%
Ga 青色
20%
Rb 暗赤色
7%
B 黄緑色
7%
In 藍色
7%
Cs 青紫色
4%
Ra 洋紅色
4%
No matching quizzes found
Score Distribution
Percent of People with Each Score
Percentile by Number Answered
Your Score History
You have not taken this quiz